| 000 | 01767nam a2200253Ia 4500 | ||
|---|---|---|---|
| 999 |
_c55153 _d55153 |
||
| 001 | 22228 | ||
| 003 | GE_BSU | ||
| 005 | 20221221161220.0 | ||
| 008 | 181216s2018||||ge |||||||||||||| ||geo|| | ||
| 040 | _cGE_BSU | ||
| 041 | _ageo | ||
| 080 | _a33 ბ-52 | ||
| 100 |
_aბერიძე, თამთა _910744 |
||
| 245 |
_aსახელმწიფო აუდიტის ეფექტურად განხორციელების პრობლემები ევროინტეგრაციისა და ეკონომიკური ზრდის პირობებში / _cთამთა ბერიძე; სამეცნ. ხელმძღვანელი პ. აროშიძე; ბსუ ; ეკონომიკისა და ბიზნესის ფაკულტეტი. ეკონომიკის დეპარტამენტი. |
||
| 264 |
_aბათუმი, _c2018. |
||
| 300 |
_a177 გვ. ; _b30 სმ. |
||
| 504 | _aბიბლ.გვ.163-177 | ||
| 653 | _aდისერტაცია | ||
| 653 | _aეკონომიკა | ||
| 653 | _aსახელმწიფო აუდიტის ეფექტურად განხორციელების პრობლემები ევროინტეგრაციისა და ეკონომიკური ზრდის პირობებში | ||
| 700 |
_aაროშიძე, პ. _eსამეცნ. ხელმძღვანელი _910745 |
||
| 710 |
_aბსუ _bეკონომიკისა და ბიზნესის ფაკულტეტი. ეკონომიკის დეპარტამენტი. _910751 |
||
| 942 |
_cDS _2udc |
||